Detalles MARC
| 000 -LEADER |
| fixed length control field |
02773nam a2200517Ii 4500 |
| 001 - CONTROL NUMBER |
| control field |
DIGIBE0439 |
| 003 - CONTROL NUMBER IDENTIFIER |
| control field |
NyNyDIG |
| 006 - FIXED-LENGTH DATA ELEMENTS--ADDITIONAL MATERIAL CHARACTERISTICS |
| fixed length control field |
m o d |
| 008 - FIXED-LENGTH DATA ELEMENTS--GENERAL INFORMATION |
| fixed length control field |
191030s2014 sp a ob 001 0 spa d |
| 007 - PHYSICAL DESCRIPTION FIXED FIELD--GENERAL INFORMATION |
| fixed length control field |
cr ||||||||||| |
| 035 ## - SYSTEM CONTROL NUMBER |
| System control number |
(OCoLC)1125961357 |
| 040 ## - CATALOGING SOURCE |
| Original cataloging agency |
DGITA |
| Language of cataloging |
eng |
| Description conventions |
rda |
| -- |
pn |
| Transcribing agency |
DGITA |
| 020 ## - INTERNATIONAL STANDARD BOOK NUMBER |
| International Standard Book Number |
9783954878062 |
| Qualifying information |
(eBook ; |
| -- |
pdf) |
| 020 ## - INTERNATIONAL STANDARD BOOK NUMBER |
| International Standard Book Number |
3954878062 |
| Qualifying information |
(eBook ; |
| -- |
pdf) |
| 020 ## - INTERNATIONAL STANDARD BOOK NUMBER |
| Canceled/invalid ISBN |
9788484898238 |
| Qualifying information |
(Iberoamericana) |
| 020 ## - INTERNATIONAL STANDARD BOOK NUMBER |
| Canceled/invalid ISBN |
8484898237 |
| Qualifying information |
(Iberoamericana) |
| 020 ## - INTERNATIONAL STANDARD BOOK NUMBER |
| Canceled/invalid ISBN |
9783954873678 |
| Qualifying information |
(Vervuert) |
| 020 ## - INTERNATIONAL STANDARD BOOK NUMBER |
| Canceled/invalid ISBN |
3954873672 |
| Qualifying information |
(Vervuert) |
| 043 ## - GEOGRAPHIC AREA CODE |
| Geographic area code |
n-us-ny |
| 050 14 - LIBRARY OF CONGRESS CALL NUMBER |
| Classification number |
ML3535.5 ebook |
| 082 04 - DEWEY DECIMAL CLASSIFICATION NUMBER |
| Classification number |
781.64 |
| 100 1# - MAIN ENTRY--PERSONAL NAME |
| Personal name |
Tablante, Leopoldo, |
| Relator term |
author. |
| 245 13 - TITLE STATEMENT |
| Title |
El dólar de la salsa : |
| Remainder of title |
del barrio latino a la industria global de fonogramas, 1971-1999 / |
| Statement of responsibility, etc. |
Leopoldo Tablante. |
| 264 #1 - PRODUCTION, PUBLICATION, DISTRIBUTION, MANUFACTURE, AND COPYRIGHT NOTICE |
| Place of production, publication, distribution, manufacture |
Madrid : |
| Name of producer, publisher, distributor, manufacturer |
Iberoamericana Editorial ; |
| Place of production, publication, distribution, manufacture |
Frankfurt am Main : |
| Name of producer, publisher, distributor, manufacturer |
Vervuert Verlag, |
| Date of production, publication, distribution, manufacture, or copyright notice |
2014. |
| 300 ## - PHYSICAL DESCRIPTION |
| Extent |
1 online resource : |
| Other physical details |
illustrations. |
| 336 ## - CONTENT TYPE |
| Content type term |
text |
| Content type code |
txt |
| Source |
rdacontent |
| 337 ## - MEDIA TYPE |
| Media type term |
computer |
| Media type code |
c |
| Source |
rdamedia |
| 338 ## - CARRIER TYPE |
| Carrier type term |
online resource |
| Carrier type code |
cr |
| Source |
rdacarrier |
| 490 1# - SERIES STATEMENT |
| Series statement |
Colección Nexos y diferencias ; |
| Volume/sequential designation |
39 |
| 504 ## - BIBLIOGRAPHY, ETC. NOTE |
| Bibliography, etc. note |
Includes bibliographical references and index. |
| 505 0# - FORMATTED CONTENTS NOTE |
| Formatted contents note |
Fundamentos socioculturales de la salsa y la red mediática latina de Nueva York : la alteridad de la identidad puertorriqueña -- Urbanización y mediatización : la red latina de Nueva York y el origen de la salsa -- Cuatro perspectivas en la evolución comercial de la salsa : los medios de comunicación y la salsa -- La industria de la salsa : del grupo Fania a Sony Music -- El problema de la distribución : relación de los sellos independientes especializados en salsa y las firmas globales de fonogramas -- Las firmas globales del disco en la comercialización de la salsa. |
| 588 0# - SOURCE OF DESCRIPTION NOTE |
| Source of description note |
Online resource; title from PDF title page (Digitalia, viewed November 1, 2019) |
| 610 20 - SUBJECT ADDED ENTRY--CORPORATE NAME |
| Corporate name or jurisdiction name as entry element |
Fania (Sound recording label) |
| General subdivision |
History. |
| 650 #0 - SUBJECT ADDED ENTRY--TOPICAL TERM |
| Topical term or geographic name entry element |
Salsa (Music) |
| General subdivision |
History and criticism |
| Chronological subdivision |
20th century. |
| 650 #0 - SUBJECT ADDED ENTRY--TOPICAL TERM |
| Topical term or geographic name entry element |
Salsa (Music) |
| Geographic subdivision |
New York (State) |
| -- |
New York |
| General subdivision |
History and criticism. |
| 650 #0 - SUBJECT ADDED ENTRY--TOPICAL TERM |
| Topical term or geographic name entry element |
Puerto Ricans |
| Geographic subdivision |
New York (State) |
| -- |
New York |
| General subdivision |
Music. |
| 650 #0 - SUBJECT ADDED ENTRY--TOPICAL TERM |
| Topical term or geographic name entry element |
Sound recording industry |
| General subdivision |
History |
| Chronological subdivision |
20th century. |
| 655 #0 - INDEX TERM--GENRE/FORM |
| Genre/form data or focus term |
Electronic books. |
| 791 2# - |
| -- |
Digitalia (Firm), |
| -- |
distributor. |
| 793 0# - |
| -- |
Digitalia eBook Collection: |
| -- |
Iberoamericana/Vervuert |
| 776 08 - ADDITIONAL PHYSICAL FORM ENTRY |
| Relationship information |
Print version: |
| Main entry heading |
Tablante, Leopoldo. |
| Title |
Dólar de la salsa. |
| Place, publisher, and date of publication |
Madrid : Iberoamericana ; Frankfurt am Main : Vervuert Verlag, 2014 |
| International Standard Book Number |
9788484898238 |
| Record control number |
(DLC) 2015403558 |
| -- |
(OCoLC)894228198 |
| 830 #0 - SERIES ADDED ENTRY--UNIFORM TITLE |
| Uniform title |
Colección Nexos y diferencias ; |
| Volume/sequential designation |
no. 39. |
| 856 40 - ELECTRONIC LOCATION AND ACCESS |
| Materials specified |
Digitalia Hispánica |
| Uniform Resource Identifier |
<a href="https://www.digitaliapublishing.com/a/56852/">https://www.digitaliapublishing.com/a/56852/</a> |
| 910 ## - USER-OPTION DATA (OCLC) |
| User-option data |
Premium collection: 2019 |
| 942 ## - ADDED ENTRY ELEMENTS (KOHA) |
| Koha item type |
Recurso Electrónico |